00453 2200193 4500001002100000005001500021008004100036020001800077035001900095041000700114082000800121090001400129100002400143245002000167260002900187300002300216500001100239650000900250INLIS00000000000265020241224112558241224||||||||| | ||| |||| || |  a979-794-394-1 0010-1224002650 aid0 a790 a790 SHA b0 aWilliam Shakespeare00aBegitulah Cinta aJakartabMediakitac2013 a118 hlm;13 x 19 cm aCet. 1 0aSeni